[Event "International Championship of Central S"]
[Site "Paracin"]
[Date "2014.07.11"]
[Round "9.1"]
[White "Dimitrijevic, Dusan"]
[Black "Nikolovski, Nikola"]
[Result "1/2-1/2"]
[WhiteElo "2067"]
[BlackElo "2017"]
[PlyCount "41"]
[EventDate "2014.07.04"]

1. d4 Nf6 2. c4 c5 3. d5 b5 4. cxb5 a6 5. bxa6 Bxa6 6. Nc3 d6 7. e4 Bxf1 8.
Kxf1 Nbd7 9. g3 g6 10. Kg2 Bg7 11. Nf3 O-O 12. h3 h6 13. Re1 Qb6 14. Qc2 Kh7
15. Kh2 Rfb8 16. Kg2 Kg8 17. a4 Ne8 18. Nd2 Kh7 19. h4 h5 20. Nc4 Qa6 21. b3
1/2-1/2

[Event "International Championship of Central S"]
[Site "Paracin"]
[Date "2014.07.11"]
[Round "9.2"]
[White "Radovanovic, Miroljub B"]
[Black "Aleksic, Neven"]
[Result "0-1"]
[WhiteElo "1974"]
[BlackElo "1981"]
[PlyCount "96"]
[EventDate "2014.07.04"]

1. e4 e5 2. Nf3 Nc6 3. Bc4 Bc5 4. b4 Bxb4 5. c3 Ba5 6. O-O Nf6 7. d4 Qe7 8. Bg5
O-O 9. d5 Nb8 10. Qd3 d6 11. h3 Nbd7 12. Nbd2 h6 13. Be3 Bb6 14. Nh4 Nc5 15.
Bxc5 Bxc5 16. Nf5 Bxf5 17. exf5 e4 18. Qe2 e3 19. Kh1 Rfe8 20. Nb3 Bb6 21. Bb5
exf2 22. Qf3 Rf8 23. Nd4 Qe5 24. Rxf2 Ne4 25. Rd1 c6 26. Ba4 Nxf2+ 27. Qxf2
Bxd4 28. Rxd4 b5 29. Bc2 Rfe8 30. Rf4 Qe1+ 31. Qxe1 Rxe1+ 32. Kh2 Re3 33. h4
Rxc3 34. Bb3 a5 35. h5 a4 36. Bd1 Rc4 37. Rf2 Re8 38. Rb2 Rc5 39. Bf3 Re3 40.
Rd2 Rec3 41. Re2 Kf8 42. f6 gxf6 43. Be4 b4 44. Rb2 b3 45. axb3 Rxb3 46. Re2 a3
47. Re1 a2 48. Ra1 Rb2 0-1

[Event "International Championship of Central S"]
[Site "Paracin"]
[Date "2014.07.11"]
[Round "9.3"]
[White "Djordjevic, Danilo"]
[Black "Dragojevic, Dragan"]
[Result "1-0"]
[WhiteElo "2080"]
[BlackElo "1953"]
[PlyCount "62"]
[EventDate "2014.07.04"]

1. d4 d5 2. Nf3 Nf6 3. Bf4 e6 4. e3 Be7 5. h3 Nbd7 6. Be2 Ne4 7. O-O O-O 8. c4
c6 9. Nbd2 Ndf6 10. Qc2 h6 11. c5 Nxd2 12. Nxd2 Nd7 13. b4 Re8 14. b5 Bf6 15.
Nb3 e5 16. Bh2 Qe7 17. Bd3 Nf8 18. bxc6 bxc6 19. Na5 Bd7 20. Qa4 Qe6 21. Ba6
exd4 22. exd4 Bc8 23. Bd3 Bd7 24. Rad1 Bd8 25. Nb7 Ng6 26. Nd6 Re7 27. Bf5 Qf6
28. Bxd7 Nh4 29. Bxc6 Qg5 30. Bg3 Rb8 31. Bxh4 Qxh4 1-0

[Event "International Championship of Central S"]
[Site "Paracin"]
[Date "2014.07.11"]
[Round "9.4"]
[White "Emmanouilidis, Athanasios"]
[Black "Marjanovics, Gyorgy"]
[Result "1/2-1/2"]
[WhiteElo "1880"]
[BlackElo "2070"]
[PlyCount "59"]
[EventDate "2014.07.04"]

1. Nf3 Nf6 2. d4 e6 3. c4 Bb4+ 4. Nc3 b6 5. g3 Bb7 6. Bg2 O-O 7. O-O Bxc3 8.
bxc3 d6 9. d5 e5 10. Nh4 Bc8 11. e4 Re8 12. h3 Nbd7 13. Be3 Nf8 14. Qd3 Nh5 15.
Qe2 g6 16. Nf5 Bxf5 17. exf5 Ng7 18. fxg6 hxg6 19. Rae1 Nf5 20. Bc1 Nd7 21. Qd2
Qf6 22. Ba3 a5 23. Re4 Nc5 24. Bxc5 dxc5 25. Rfe1 Nd6 26. Rh4 Qg7 27. f4 exf4
28. Rxf4 Rxe1+ 29. Qxe1 Re8 30. Qd2 1/2-1/2

[Event "International Championship of Central S"]
[Site "Paracin"]
[Date "2014.07.11"]
[Round "9.5"]
[White "Manelidis, Savvas"]
[Black "Isak, Igor G"]
[Result "0-1"]
[WhiteElo "2000"]
[BlackElo "2062"]
[PlyCount "124"]
[EventDate "2014.07.04"]

1. e4 c5 2. Nf3 d6 3. d4 cxd4 4. c3 Nf6 5. Bd3 dxc3 6. Nxc3 Nc6 7. O-O g6 8. h3
Bg7 9. Qe2 O-O 10. Rd1 Bd7 11. Bg5 Qa5 12. Qd2 Ne5 13. Nxe5 Qxe5 14. Bf4 Qa5
15. b4 Qd8 16. Rac1 Rc8 17. Be3 a6 18. f4 Bc6 19. a4 d5 20. e5 d4 21. exf6 dxc3
22. Qe2 Bxf6 23. Bxg6 Qe8 24. Bb1 Bxa4 25. Qg4+ Kh8 26. Bxh7 Bxd1 27. Rxd1 Rg8
28. Qh5 Rg7 29. Bf5+ Kg8 30. Bd7 Qf8 31. Qf5 c2 32. Rc1 Rc4 33. Rxc2 Rxc2 34.
Qxc2 Qd8 35. Qd3 Qc7 36. Bf5 e5 37. Qe4 Kh8 38. g4 exf4 39. Bxf4 Qb6+ 40. Be3
Qd6 41. Kg2 Qe5 42. Bf4 Qxe4+ 43. Bxe4 b6 44. Be3 Bd8 45. Kf3 f6 46. h4 Rd7 47.
Kf4 a5 48. bxa5 bxa5 49. g5 Kg7 50. g6 Bc7+ 51. Kf5 Re7 52. Bd4 Be5 53. Bc5 Re8
54. h5 Bc3 55. Bd6 Be5 56. Bc5 Bb2 57. Bd6 a4 58. Bc6 Rd8 59. h6+ Kxh6 60. Bf4+
Kg7 61. Bxa4 Rd5+ 62. Kg4 Rd4 0-1

[Event "International Championship of Central S"]
[Site "Paracin"]
[Date "2014.07.11"]
[Round "9.6"]
[White "Arandjelovic, Aleksandar Z"]
[Black "Molcanov, Sergej"]
[Result "0-1"]
[WhiteElo "2060"]
[BlackElo "1907"]
[Annotator "Natasa"]
[PlyCount "86"]
[EventDate "2014.07.04"]

1. d4 d5 2. c4 c6 3. Nf3 Nf6 4. Nc3 e6 5. Bg5 Nbd7 6. cxd5 cxd5 7. e3 Be7 8.
Bd3 O-O 9. h3 Re8 10. O-O Nf8 11. Ne5 Ng6 12. Nxg6 hxg6 13. Rc1 a6 14. a3 Bd7
15. b4 Bc6 16. Na4 Bxa4 17. Qxa4 b5 18. Qb3 Qd7 19. Rc2 Rec8 20. Rfc1 Bd6 21.
Bxf6 gxf6 22. e4 Bf4 23. Rxc8+ Rxc8 24. Rxc8+ Qxc8 25. g3 dxe4 26. Bxe4 f5 27.
Bf3 Bd6 28. Be2 Qc1+ 29. Kg2 Qd2 30. Qd3 Qb2 31. Bf3 Bc7 32. d5 e5 33. d6 Bb6
34. Be2 e4 35. Qd1 Qxa3 36. d7 Qxb4 37. d8=Q+ Bxd8 38. Qxd8+ Kg7 39. h4 Qb2 40.
Kf1 Qe5 41. Qd2 Qc5 42. h5 Qc6 43. Qd8 Qb7 {time} 0-1

[Event "International Championship of Central S"]
[Site "Paracin"]
[Date "2014.07.11"]
[Round "9.7"]
[White "Milosevic, Rade"]
[Black "Jakovljevic, Dejan"]
[Result "1/2-1/2"]
[WhiteElo "2100"]
[BlackElo "1962"]
[PlyCount "89"]
[EventDate "2014.07.04"]

1. Nf3 Nf6 2. c4 e6 3. Nc3 Bb4 4. Qc2 c5 5. g3 O-O 6. Bg2 Nc6 7. a3 Ba5 8. O-O
Qe7 9. b3 d5 10. d3 d4 11. Ne4 Nxe4 12. dxe4 e5 13. Bg5 f6 14. Bd2 Bxd2 15.
Nxd2 Bg4 16. Qd3 Rad8 17. h3 Be6 18. Kh2 Qc7 19. h4 Ne7 20. Bh3 Bxh3 21. Kxh3
Qd7+ 22. Kg2 Qg4 23. f3 Qe6 24. Rh1 Rd7 25. h5 Qa6 26. b4 Rc8 27. b5 Qe6 28. a4
Rcd8 29. Rh3 Nc8 30. g4 Nd6 31. a5 Nf7 32. Kf2 Ng5 33. Rhh1 Qf7 34. Nb3 Ne6 35.
Nd2 Nf4 36. Qb3 Qe7 37. Rad1 Qd6 38. Rhe1 Qe7 39. Rh1 Qe6 40. Nf1 Qe7 41. Ng3
b6 42. Nf5 Qf7 43. a6 h6 44. Rd2 Qe6 45. Rdd1 1/2-1/2

[Event "International Championship of Central S"]
[Site "Paracin"]
[Date "2014.07.11"]
[Round "9.8"]
[White "Ostojic, Nikola M"]
[Black "Bozinovic, Boban"]
[Result "0-1"]
[WhiteElo "2074"]
[BlackElo "2011"]
[PlyCount "90"]
[EventDate "2014.07.04"]

1. d4 Nf6 2. c4 c5 3. d5 b5 4. cxb5 a6 5. bxa6 g6 6. Nc3 Bxa6 7. e4 Bxf1 8.
Kxf1 d6 9. g3 Bg7 10. Kg2 O-O 11. Nf3 Nbd7 12. a4 Ra6 13. Re1 Qa8 14. Nb5 Rc8
15. Ra3 Nb6 16. b3 c4 17. Be3 Nfd7 18. Bxb6 Nxb6 19. Nfd4 cxb3 20. Nc6 Bf6 21.
a5 Nc4 22. Rxb3 Nxa5 23. Nxa5 Rxa5 24. Nd4 Ra2 25. Nc6 Qa6 26. Qf3 Kg7 27. Reb1
Ra1 28. Rxa1 Qxa1 29. Rb7 h5 30. Qd3 Ra8 31. Qb3 Qe1 32. Qb1 Qd2 33. Qb4 Qe2
34. Ra7 Rh8 35. h4 Re8 36. Qa4 Rc8 37. Ra6 g5 38. hxg5 Bxg5 39. Kg1 h4 40. gxh4
Bxh4 41. Qa1+ Bf6 42. Qa4 Rh8 43. e5 Qe1+ 44. Kg2 Qh1+ 45. Kg3 Qh3+ 0-1

[Event "International Championship of Central S"]
[Site "Paracin"]
[Date "2014.07.11"]
[Round "9.9"]
[White "Tomic, Slobodan"]
[Black "Nikolic, Vladimir"]
[Result "1/2-1/2"]
[WhiteElo "2060"]
[BlackElo "1980"]
[PlyCount "65"]
[EventDate "2014.07.04"]

1. e4 Nf6 2. e5 Nd5 3. Nf3 d6 4. d4 Bg4 5. c4 Nb6 6. exd6 exd6 7. Be3 Be7 8.
Bd3 O-O 9. h3 Bxf3 10. Qxf3 Nc6 11. Qd1 Bf6 12. Nc3 Bxd4 13. Bxd4 Nxd4 14.
Bxh7+ Kxh7 15. Qxd4 Qe7+ 16. Kf1 Rae8 17. g3 a6 18. Kg2 Qe5 19. Qd3+ g6 20.
Rhe1 Qc5 21. b3 f5 22. Rad1 Kg7 23. Qf3 Qc6 24. Qxc6 bxc6 25. f4 Nd7 26. Kf3
Nf6 27. b4 Kf7 28. a3 Rh8 29. h4 Ng4 30. Rc1 Nf6 31. Rcd1 Ng4 32. Rc1 Nf6 33.
Rcd1 1/2-1/2

[Event "International Championship of Central S"]
[Site "Paracin"]
[Date "2014.07.11"]
[Round "9.10"]
[White "Milutinovic, Stefana"]
[Black "Zajic, Milun"]
[Result "0-1"]
[WhiteElo "2055"]
[BlackElo "1970"]
[PlyCount "118"]
[EventDate "2014.07.04"]

1. d4 Nf6 2. c4 e6 3. Nf3 c5 4. Nc3 cxd4 5. Nxd4 a6 6. e3 Be7 7. Be2 Qc7 8. O-O
O-O 9. Bd2 b6 10. Rc1 Bb7 11. a3 d6 12. b4 Nbd7 13. Qb3 Rac8 14. Rfd1 Qb8 15.
Be1 Bd8 16. Na4 Bc7 17. h3 Rfd8 18. Bf3 Bxf3 19. Nxf3 d5 20. cxd5 Nxd5 21. Nd4
b5 22. Nb2 Qb7 23. Rc2 Bb6 24. Ne2 Rxc2 25. Qxc2 Bxe3 26. Rxd5 Bxf2+ 27. Bxf2
Qxd5 28. Nc3 Rc8 29. Nbd1 Qc4 30. Qd2 Qc6 31. Ne2 Ne5 32. Bd4 Rd8 33. Qc3 Qxc3
34. Nexc3 Nc4 35. a4 e5 36. Bc5 bxa4 37. Nxa4 f5 38. Kf2 Kf7 39. Nb6 Nd2 40.
Nc3 Ke6 41. Nba4 f4 42. Bb6 Rb8 43. Nc5+ Kf5 44. Ba5 Ra8 45. Nd5 Ne4+ 46. Kf3
Nxc5 47. bxc5 e4+ 48. Ke2 Ke5 49. Nc7 Rc8 50. Bc3+ Kf5 51. Ba5 e3 52. Bb6 Rd8
53. Ba5 h6 54. Ne6 Rb8 55. Nxg7+ Ke4 56. Bc3 Rb3 57. Bf6 Ra3 58. Nh5 Ra2+ 59.
Ke1 Rxg2 0-1

[Event "International Championship of Central S"]
[Site "Paracin"]
[Date "2014.07.11"]
[Round "9.11"]
[White "Ljangov, Petar"]
[Black "Peycheva, Gergana"]
[Result "1/2-1/2"]
[WhiteElo "2046"]
[BlackElo "1672"]
[Annotator "Natasa"]
[PlyCount "57"]
[EventDate "2014.07.04"]

1. Nf3 Nf6 2. b3 d6 3. d4 e6 4. Bb2 Be7 5. g3 b6 6. Bg2 Bb7 7. O-O Nbd7 8. c4
O-O 9. Nc3 c5 10. Re1 cxd4 11. Nxd4 Bxg2 12. Kxg2 Qc8 13. Kg1 a6 14. Rc1 Qb7
15. e4 Nc5 16. Qe2 Rac8 17. Rcd1 Rfd8 18. f4 Bf8 19. Nf3 b5 20. b4 Ncd7 21.
cxb5 axb5 22. Nxb5 Nxe4 23. Qxe4 Qxb5 24. Ng5 g6 25. Nxf7 Re8 26. Nxd6 Qb6+ 27.
Qd4 Qxd6 28. Qxd6 Bxd6 29. Rxd6 {unreadable} 1/2-1/2

[Event "International Championship of Central S"]
[Site "Paracin"]
[Date "2014.07.11"]
[Round "9.12"]
[White "Petrovic, Marija"]
[Black "Farkas, Sandor I"]
[Result "1/2-1/2"]
[WhiteElo "2087"]
[BlackElo "1901"]
[PlyCount "41"]
[EventDate "2014.07.04"]

1. Nf3 Nf6 2. g3 g6 3. Bg2 Bg7 4. O-O O-O 5. d3 d6 6. e4 e5 7. c3 c6 8. h3 h6
9. Be3 Qe7 10. Qc2 Be6 11. Re1 Nbd7 12. Kh2 d5 13. Na3 dxe4 14. dxe4 Kh7 15.
Nd2 Ng8 16. Ndc4 Rae8 17. Na5 Nb6 18. Nb3 Nd7 19. Na5 Nb6 20. Nb3 Nd7 21. Na5
1/2-1/2

[Event "International Championship of Central S"]
[Site "Paracin"]
[Date "2014.07.11"]
[Round "9.14"]
[White "Cvetkovski, Slobodan"]
[Black "Rasic, Jovan"]
[Result "0-1"]
[WhiteElo "1875"]
[BlackElo "2072"]
[PlyCount "102"]
[EventDate "2014.07.04"]

1. e4 g6 2. d4 Bg7 3. Nc3 c6 4. f4 d5 5. e5 h5 6. Nf3 Nh6 7. Bd3 Bf5 8. Nh4 e6
9. Bxf5 Nxf5 10. Nxf5 gxf5 11. O-O Nd7 12. Be3 f6 13. Rf3 fxe5 14. dxe5 Qe7 15.
Rh3 Qf7 16. b4 b6 17. a4 a6 18. a5 b5 19. Ne2 Rc8 20. Bc5 Nxc5 21. bxc5 Bf8 22.
Rc3 b4 23. Rh3 Bxc5+ 24. Kh1 Bf8 25. Qd3 Qb7 26. Nd4 Kd7 27. Qg3 c5 28. Nxe6
Kxe6 29. Qg6+ Kd7 30. Qxf5+ Kc7 31. Rg3 Kb8 32. Rg6 Rh6 33. Rg8 Be7 34. Rxc8+
Qxc8 35. Qd3 Qb7 36. f5 h4 37. Qe3 Bf8 38. f6 h3 39. Qf3 hxg2+ 40. Qxg2 d4 41.
Rf1 c4 42. Qxb7+ Kxb7 43. Rf4 Bc5 44. e6 Rh8 45. e7 b3 46. cxb3 c3 47. f7 Bxe7
48. Rxd4 c2 49. Rc4 Rc8 50. Rxc2 Rxc2 51. Kg1 Kc6 0-1

[Event "International Championship of Central S"]
[Site "Paracin"]
[Date "2014.07.11"]
[Round "9.15"]
[White "Ostojic, Katarina"]
[Black "Floricelovic, Milos"]
[Result "0-1"]
[WhiteElo "1834"]
[BlackElo "2067"]
[PlyCount "80"]
[EventDate "2014.07.04"]

1. e4 c5 2. Nf3 d6 3. d4 cxd4 4. Nxd4 Nf6 5. Nc3 e6 6. f3 a6 7. Be3 Qc7 8. Qd2
b5 9. a3 Bb7 10. O-O-O Nbd7 11. Bxb5 axb5 12. Ndxb5 Qb8 13. Nxd6+ Bxd6 14. Qxd6
Qxd6 15. Rxd6 Ne5 16. Bf2 O-O 17. Rhd1 Nc4 18. R6d4 Rfc8 19. Nb5 h6 20. Nd6
Nxd6 21. Rxd6 Rc6 22. Rd8+ Rxd8 23. Rxd8+ Kh7 24. Bd4 Ba6 25. Bxf6 gxf6 26. c3
Bc4 27. Kc2 Rb6 28. b4 Kg6 29. a4 f5 30. exf5+ Kxf5 31. Rd4 Bf1 32. Rd2 Kf4 33.
Rf2 Bc4 34. a5 Rd6 35. Rd2 Rxd2+ 36. Kxd2 f5 37. Ke1 Ke3 38. h3 h5 39. Kd1 h4
40. Ke1 e5 0-1

[Event "International Championship of Central S"]
[Site "Paracin"]
[Date "2014.07.11"]
[Round "9.16"]
[White "Thomassen, Thomas"]
[Black "Stanojevic, Ilija"]
[Result "0-1"]
[WhiteElo "2050"]
[BlackElo "1861"]
[PlyCount "188"]
[EventDate "2014.07.04"]

1. c4 c5 2. g3 g6 3. Bg2 Nc6 4. Nc3 d6 5. Nf3 Nf6 6. O-O Bg7 7. d4 cxd4 8. Nxd4
Bd7 9. Nb3 Qc8 10. c5 dxc5 11. Nxc5 Bh3 12. Nd3 Bxg2 13. Kxg2 O-O 14. Qa4 a6
15. Qh4 Rd8 16. Bh6 Bh8 17. Rac1 Qf5 18. Qf4 Qa5 19. Qg5 Nd5 20. b4 Ncxb4 21.
Nxb4 Qxb4 22. Nxd5 Qe4+ 23. f3 Qxd5 24. Qxd5 Rxd5 25. Rc7 Bg7 26. Bxg7 Kxg7 27.
Rxe7 b5 28. Rc1 Rd2 29. Rcc7 Rf8 30. a3 Ra2 31. Re3 Ra8 32. Ree7 Rf8 33. Re3
Ra8 34. Rb7 Ra1 35. h4 Ra2 36. Kf2 Ra1 37. g4 Rd8 38. Ra7 Rb8 39. Ree7 Rf8 40.
Re3 Rb8 41. Rxa6 b4 42. Rb3 Rb7 43. Ra4 Rb8 44. g5 Rb7 45. Ra8 Rb6 46. a4 Ra3
47. a5 Rb5 48. Rb2 b3 49. a6 Ra2 50. Rb1 b2 51. a7 Rba5 52. Rb8 Rxa7 53. R1xb2
Rxb2 54. Rxb2 h6 55. Kg3 hxg5 56. hxg5 Re7 57. e4 Ra7 58. Rb6 Rc7 59. Kf4 Re7
60. Ke3 Rd7 61. Rc6 Ra7 62. Rd6 Ra3+ 63. Rd3 Ra7 64. e5 Rb7 65. Ke4 Ra7 66. f4
Ra4+ 67. Rd4 Ra7 68. Kd5 Ra5+ 69. Kd6 Ra6+ 70. Kd5 Ra5+ 71. Ke4 Ra7 72. Rc4 Rd7
73. f5 gxf5+ 74. Kxf5 Ra7 75. Rc6 Ra5 76. g6 fxg6+ 77. Rxg6+ Kf7 78. Rf6+ Ke7
79. Rh6 Ra1 80. Rh7+ Ke8 81. Kf6 Rf1+ 82. Ke6 Kd8 83. Rh8+ Kc7 84. Ke7 Rf5 85.
e6 Rf2 86. Rh4 Rc2 87. Rd4 Rc1 88. Ke8 Rc2 89. Rd7+ Kc8 90. Rf7 Rh2 91. Rf8 Rh7
92. Rf7 Rh8+ 93. Ke7 Kc7 94. Kf6+ Kd8 0-1

[Event "International Championship of Central S"]
[Site "Paracin"]
[Date "2014.07.11"]
[Round "9.17"]
[White "Kostic, Marko"]
[Black "Lazic, Milan B"]
[Result "0-1"]
[WhiteElo "1779"]
[BlackElo "2022"]
[PlyCount "66"]
[EventDate "2014.07.04"]

1. d4 d5 2. Bf4 c5 3. c3 cxd4 4. cxd4 Nc6 5. Nc3 Nf6 6. e3 Bf5 7. Bd3 Bxd3 8.
Qxd3 Nh5 9. Bg5 h6 10. Bh4 g5 11. Bg3 e6 12. Nge2 Nxg3 13. Nxg3 h5 14. Nge2 Qd7
15. O-O O-O-O 16. a3 Kb8 17. b4 Bd6 18. Nb5 e5 19. Nxd6 Qxd6 20. dxe5 Nxe5 21.
Qd4 h4 22. Rad1 h3 23. Ng3 hxg2 24. Kxg2 Rxh2+ 25. Kxh2 Nf3+ 26. Kg2 Nxd4 27.
Rxd4 Qe5 28. Rfd1 f5 29. e4 f4 30. Nf1 g4 31. exd5 Rh8 32. R4d3 Qe4+ 33. f3
gxf3+ 0-1

[Event "International Championship of Central S"]
[Site "Paracin"]
[Date "2014.07.11"]
[Round "9.18"]
[White "Zivkovic, Zivojin"]
[Black "Lukic, Lazar"]
[Result "1-0"]
[WhiteElo "1992"]
[BlackElo "1757"]
[PlyCount "103"]
[EventDate "2014.07.04"]

1. Nf3 d5 2. g3 c5 3. Bg2 Nc6 4. d3 e5 5. O-O Be6 6. Ng5 Bd7 7. Bxd5 Nh6 8. Bg2
f6 9. Nf3 Nf7 10. e4 Qc8 11. Re1 g5 12. c3 Bg4 13. Be3 Qd7 14. Qb3 O-O-O 15.
Nbd2 Be6 16. Nc4 Kb8 17. Red1 Na5 18. Qa3 Nxc4 19. dxc4 Qxd1+ 20. Rxd1 Rxd1+
21. Bf1 Be7 22. Kg2 h5 23. Be2 Rd7 24. Bxc5 Bxc5 25. Qxc5 g4 26. Ne1 Ng5 27.
Qe3 Rhd8 28. Nd3 Nf7 29. Nc5 Rd6 30. Nxe6 Rxe6 31. c5 Ng5 32. Bc4 Re7 33. Bd5
Rh8 34. c6 b6 35. Qe2 Nf3 36. Qa6 h4 37. gxh4 Rxh4 38. Qa3 Rxh2+ 39. Kf1 Rhh7
40. Qd6+ Rc7 41. Qd8+ Rc8 42. Qd6+ Rcc7 43. Qxf6 a5 44. a4 Ka7 45. b4 Rh1+ 46.
Ke2 Re1+ 47. Kd3 Rd1+ 48. Kc2 Rd2+ 49. Kb3 Rxf2 50. Qd8 Rh7 51. bxa5 Nd4+ 52.
Kc4 1-0

[Event "International Championship of Central S"]
[Site "Paracin"]
[Date "2014.07.11"]
[Round "9.19"]
[White "Milosevic, Jovana"]
[Black "Miljkovic, Jovana"]
[Result "1-0"]
[WhiteElo "1990"]
[BlackElo "1674"]
[PlyCount "35"]
[EventDate "2014.07.04"]

1. e4 c5 2. Nf3 Nc6 3. d4 cxd4 4. Nxd4 g6 5. Nc3 Bg7 6. Be3 Nf6 7. f3 O-O 8.
Qd2 d5 9. exd5 Nxd5 10. Nxc6 bxc6 11. Bd4 e5 12. Bc5 Re8 13. Ne4 Bf8 14. Bxf8
Rxf8 15. O-O-O Qb6 16. c4 Ne3 17. c5 Nxf1 18. Qh6 1-0

[Event "International Championship of Central S"]
[Site "Paracin"]
[Date "2014.07.11"]
[Round "9.20"]
[White "Konstantinov, Aleksandar"]
[Black "Injac, Teodora"]
[Result "1/2-1/2"]
[WhiteElo "1828"]
[BlackElo "1984"]
[PlyCount "99"]
[EventDate "2014.07.04"]

1. d4 Nf6 2. c4 g6 3. Nc3 Bg7 4. e4 d6 5. Nf3 O-O 6. Be2 Nbd7 7. h3 e5 8. d5
Nc5 9. Qc2 a5 10. Bg5 h6 11. Be3 b6 12. Nd2 Nh7 13. h4 f5 14. h5 Qf6 15. O-O-O
f4 16. Bxc5 bxc5 17. Nb5 Qd8 18. hxg6 Ng5 19. Nf3 Nxe4 20. Bd3 Ng5 21. Nxg5
Qxg5 22. Nxc7 f3+ 23. Qd2 Qxd2+ 24. Rxd2 fxg2 25. Rg1 Rb8 26. Rxg2 Bf6 27. Re2
Bg5+ 28. Kb1 Rb7 29. Nb5 Rb6 30. Nc3 Bf5 31. Bxf5 Rxf5 32. Ne4 Kg7 33. Nxg5
Rxg5 34. Rxg5 hxg5 35. Kc2 Kxg6 36. Re3 g4 37. Ra3 Ra6 38. Rg3 Kf5 39. f3 gxf3
40. Rxf3+ Ke4 41. Rh3 Kd4 42. Rh4+ e4 43. b3 a4 44. Rh6 axb3+ 45. axb3 Ra2+ 46.
Kc1 Ra1+ 47. Kc2 Ra2+ 48. Kc1 Ra1+ 49. Kc2 Ra2+ 50. Kc1 1/2-1/2

[Event "International Championship of Central S"]
[Site "Paracin"]
[Date "2014.07.11"]
[Round "9.21"]
[White "Maksimovic, Bojan"]
[Black "Stojkovic, Zoran"]
[Result "1/2-1/2"]
[WhiteElo "1745"]
[BlackElo "1971"]
[PlyCount "79"]
[EventDate "2014.07.04"]

1. d4 d5 2. c4 e6 3. Nc3 Nf6 4. Nf3 Bb4 5. Qa4+ Nc6 6. Ne5 a5 7. a3 Bxc3+ 8.
bxc3 O-O 9. Nxc6 Qe8 10. e3 Bd7 11. Be2 Bxc6 12. Qc2 dxc4 13. f3 Ba4 14. Qb2 b5
15. O-O c5 16. e4 cxd4 17. cxd4 Qc6 18. Qc3 Rfc8 19. Be3 Bb3 20. Rab1 Qb7 21.
Bd2 Qb6 22. Kh1 Rd8 23. Be3 b4 24. Qc1 Rac8 25. Qb2 bxa3 26. Qxa3 Qb4 27. Ra1
Qxa3 28. Rxa3 a4 29. Rc1 Ne8 30. e5 Rc6 31. Bd1 Rb8 32. h4 Nc7 33. Rxa4 Bxa4
34. Bxa4 Ra6 35. Rxc4 Nd5 36. Bf2 Nb6 37. Bb5 Ra1+ 38. Kh2 Nxc4 39. Bxc4 Ra2
40. Be3 1/2-1/2

[Event "International Championship of Central S"]
[Site "Paracin"]
[Date "2014.07.11"]
[Round "9.22"]
[White "Hereklioglu, Sude"]
[Black "Petrovic, Milan M"]
[Result "1-0"]
[WhiteElo "1641"]
[BlackElo "1953"]
[PlyCount "49"]
[EventDate "2014.07.04"]

1. d4 d5 2. Nc3 Bf5 3. Nf3 e6 4. Bg5 Nf6 5. e3 Bb4 6. Bd3 h6 7. Bxf5 exf5 8.
Bxf6 Qxf6 9. Qd3 c6 10. O-O Bd6 11. Ne2 Nd7 12. b3 g5 13. Ng3 f4 14. Nf5 Bc7
15. e4 dxe4 16. Qxe4+ Kf8 17. Rfe1 Nb6 18. c4 Rd8 19. Rad1 Nc8 20. c5 h5 21. d5
cxd5 22. Rxd5 Kg8 23. Rxd8+ Bxd8 24. Nxg5 Qxg5 25. Qe8+ 1-0

[Event "International Championship of Central S"]
[Site "Paracin"]
[Date "2014.07.11"]
[Round "9.23"]
[White "Brankovan, Mario"]
[Black "Milosavljevic, Delimir"]
[Result "1-0"]
[WhiteElo "1921"]
[BlackElo "1836"]
[PlyCount "59"]
[EventDate "2014.07.04"]

1. e4 e5 2. Nf3 Nc6 3. c4 Nf6 4. Nc3 Bc5 5. Nxe5 Nxe5 6. d4 Bb4 7. dxe5 Nxe4 8.
Qc2 Nxc3 9. bxc3 Be7 10. Bf4 d5 11. Rd1 c6 12. cxd5 cxd5 13. Bb5+ Kf8 14. O-O
Be6 15. Bd3 h6 16. Bf5 Qe8 17. Bd3 g6 18. Be3 Qc8 19. Rb1 b6 20. Kh1 Kg7 21. f4
Bf5 22. Rf3 Bc5 23. Bd2 Kh7 24. Re1 Re8 25. h3 h5 26. Re2 Qe6 27. Bc1 Kg7 28.
Rg3 h4 29. Bxf5 Qe7 30. Rg4 1-0

[Event "International Championship of Central S"]
[Site "Paracin"]
[Date "2014.07.11"]
[Round "9.24"]
[White "Kuzmanovic, Aleksa"]
[Black "Djuretanovic, Ivan"]
[Result "0-1"]
[WhiteElo "1809"]
[BlackElo "2064"]
[PlyCount "62"]
[EventDate "2014.07.04"]

1. d4 Nf6 2. Nf3 g6 3. c4 c5 4. Nc3 cxd4 5. Nxd4 Bg7 6. e4 d6 7. Be2 O-O 8. Be3
Nc6 9. O-O Qb6 10. Ndb5 Qa5 11. a3 a6 12. b4 Qd8 13. Nd4 e6 14. f3 d5 15. Nxc6
bxc6 16. Rc1 a5 17. Bg5 axb4 18. Na2 Rxa3 19. e5 Rxa2 20. Rf2 h6 21. exf6 hxg5
22. fxg7 Kxg7 23. cxd5 cxd5 24. Qd4+ Qf6 25. Qxb4 Ba6 26. Bxa6 Rxa6 27. g3 Ra1
28. Rfc2 Rxc1+ 29. Rxc1 Ra8 30. Qb1 Qxf3 31. Qb2+ Qf6 0-1

[Event "International Championship of Central S"]
[Site "Paracin"]
[Date "2014.07.11"]
[Round "9.25"]
[White "Mirkovic, Dejan"]
[Black "Colovic, Zoran"]
[Result "0-1"]
[WhiteElo "1842"]
[BlackElo "2088"]
[PlyCount "95"]
[EventDate "2014.07.04"]

1. e4 c5 2. Nf3 Nc6 3. d4 cxd4 4. Nxd4 Nf6 5. Nc3 e5 6. Ndb5 d6 7. Bg5 a6 8.
Bxf6 gxf6 9. Na3 b5 10. Nd5 Bg7 11. c3 O-O 12. Bd3 Be6 13. Qh5 h6 14. Nc2 f5
15. f3 Ra7 16. Ncb4 Nxb4 17. Nxb4 Qb6 18. Nc2 Bc4 19. Be2 f4 20. Qh4 f5 21. Qf2
Qxf2+ 22. Kxf2 fxe4 23. fxe4 d5 24. Bxc4 bxc4 25. exd5 Rb7 26. Kf3 Rxb2 27. Na3
e4+ 28. Kxe4 Re2+ 29. Kf3 Re3+ 30. Kg4 Rxc3 31. Rac1 Rxa3 32. Rxc4 Rxa2 33. Rd1
Rxg2+ 34. Kf3 Rxh2 35. d6 Rh3+ 36. Kf2 f3 37. d7 Rh2+ 38. Kg1 Rg2+ 39. Kf1 Rd8
40. Re4 Re2 41. Ra4 Re7 42. Rd3 Rexd7 43. Rxf3 Rd6 44. Kf2 Rf8 45. Kg3 Bd4 46.
Raa3 Rff6 47. Kg4 Kf7 48. Rad3 0-1

[Event "International Championship of Central S"]
[Site "Paracin"]
[Date "2014.07.11"]
[Round "9.26"]
[White "Mijajlovic, Milutin"]
[Black "Kostic, Tomislav"]
[Result "0-1"]
[WhiteElo "1750"]
[BlackElo "2023"]
[PlyCount "104"]
[EventDate "2014.07.04"]

1. e4 c5 2. Nc3 e6 3. d4 cxd4 4. Qxd4 Nc6 5. Qd1 Nf6 6. Bg5 Qc7 7. Bd3 Bb4 8.
Nge2 a6 9. h3 h6 10. Be3 d5 11. exd5 Nxd5 12. Bd2 Nf6 13. a3 Bd6 14. Be3 O-O
15. Qc1 Ne5 16. Ne4 Nxd3+ 17. cxd3 Qxc1+ 18. Rxc1 Be7 19. O-O Rd8 20. Rc3 Nd5
21. Rb3 Nxe3 22. fxe3 f5 23. Nf2 e5 24. d4 exd4 25. exd4 Bf6 26. Rd1 b5 27. Rc3
Be6 28. b3 Rac8 29. Rxc8 Rxc8 30. d5 Bf7 31. Rd2 Rd8 32. d6 Bxb3 33. Nd4 Bxd4
34. Rxd4 Bc4 35. h4 Kf7 36. Rf4 Ke6 37. g4 g6 38. h5 Ke5 39. Nh3 fxg4 40. Rxg4
g5 41. Nf2 Rxd6 42. Re4+ Kf5 43. Re8 Re6 44. Rf8+ Rf6 45. Re8 Bf7 46. Re7 Bxh5
47. Nd3 Re6 48. Rxe6 Kxe6 49. Nc5+ Kd5 50. Nxa6 Bf7 51. a4 bxa4 52. Kf2 Ke4 0-1

[Event "International Championship of Central S"]
[Site "Paracin"]
[Date "2014.07.11"]
[Round "9.27"]
[White "Krstic, Andrija Marko"]
[Black "Dyulgerov, Dimitar"]
[Result "0-1"]
[WhiteElo "1758"]
[BlackElo "1977"]
[PlyCount "92"]
[EventDate "2014.07.04"]

1. e4 c5 2. Nf3 e6 3. c3 d5 4. exd5 Qxd5 5. d4 a6 6. Be3 cxd4 7. cxd4 Nf6 8. a3
b5 9. Nc3 Qd6 10. Rc1 Nc6 11. Qc2 Bd7 12. Be2 Be7 13. g3 Nd5 14. Ne4 Qb8 15.
Nc5 Bxc5 16. Qxc5 Qb6 17. Qxb6 Nxb6 18. Ne5 Rc8 19. O-O Nd5 20. Nxd7 Kxd7 21.
Bf3 Na5 22. Bxd5 exd5 23. Rc5 Rxc5 24. dxc5 Nc4 25. Bd4 f6 26. Rd1 Re8 27. b3
Nxa3 28. Bb2 Nc2 29. Rxd5+ Kc6 30. Rd6+ Kxc5 31. Rxa6 Re1+ 32. Kg2 Rb1 33. Bc3
Rxb3 34. Bd2 Rd3 35. Bf4 Rd7 36. Ra8 Kc4 37. Rc8+ Kb3 38. Rh8 g5 39. Rb8 b4 40.
Bc1 g4 41. Rg8 h5 42. Rh8 Ne1+ 43. Kf1 Nf3 44. Ke2 Rd5 45. Rh6 Kc2 46. Be3 Rd1
0-1